| 000 | 01622 a2200265 4500 | ||
|---|---|---|---|
| 003 | OSt | ||
| 005 | 20180116192338.0 | ||
| 008 | 120517t xxu||||| |||| 00| 0 eng d | ||
| 020 | _a1864701064 (hardcover) | ||
| 020 | _a9781864701067 (hardcover) | ||
| 040 | _c0 | ||
| 082 | 0 | 4 | _a720.9182 |
| 100 | 1 |
_aHouse, Steven. _91648 |
|
| 245 | 1 | 0 |
_aMediterranean villages : _ban architectural journey / _cSteven House. |
| 260 |
_aVictoria : _bImages Publishing Dist A/C, _c2006. |
||
| 300 |
_a320 p. : _bill.; _c29 cm. |
||
| 520 | _aThis remarkable new book celebrates village architecture in four Mediterranean regions the hilltowns of central Italy, the Aegean islands of Greece, the Dalmatian coast, and the Andalulsian region of southern Spain. It showcases a collection of drawings, photographs, paintings and maps presented in a cohesive and holistic manner. Steven and Cathi House have been able to capture the essence of Mediterranean architecture, which is a significant achievement. Their drawings and photographs trigger memories for those who have travelled the Mediterranean and offer insight for those who have not. Mediterranean Villages: An Architectural Journey is a handsome, meaningful record and a thoughtful interpretation of a classic theme. | ||
| 650 | 0 |
_a Architects and community _91649 |
|
| 650 | 0 |
_aArchitecture _xTravel _91650 |
|
| 650 | 0 |
_aMediterranean Region _91651 |
|
| 650 | 0 |
_aVillages _91652 |
|
| 856 | 4 | 0 |
_3Amazon.com _uhttp://www.amazon.com/exec/obidos/ASIN/1864701064/chopaconline-20 |
| 942 |
_aSADA _cBK _k720.9182 HOU 2006 _2ddc |
||
| 999 |
_c352540 _d352540 |
||